Géographie de Paris par lettre - F - Statistiques

Statistiques générales
  • Ce quiz a été pris 27 fois
  • Le résultat moyen est 6 sur 20
Statistiques - réponses
Question Réponse % Correct
De ce pays elle en est la capitale France
84%
Plus grande fête foraine de Paris Foire du trône
80%
Nom donné aux habitants de l'Île-de-France Franciliens
64%
Il peut se dévorer mais sont aussi très connus à Paris Faubourgs
52%
Célèbre restaurant de luxe rue Royale Fouquet's
52%
Célèbre président américain qui possède une station de métro à son nom à proximité de l'Arc de Triomphe Franklin-D.-Roosevelt
48%
Thème du célèbre marché de l'île de la Cité Fleurs
44%
Station de métro de la ligne 6 située près de l'Institut Pasteur Falguière
32%
Nom d'une avenue célèbre du 16e, pour ses hôtels particuliers Foch
32%
Rue du 11e et 12e célèbre pour ses ébénistes Faubourg-Saint-Antoine
24%
Nom du cabaret historique de Montmartre où se produisait Mistinguett Folies Bergère
24%
Quartier du 19e arrondissement traversé par le canal de l'Ourcq Flandre
20%
Institution artistique et culturelle de renommée mondiale (dans le 16e) Fondation Louis Vuitton
8%
Rue du 11e, témoin de l'histoire industrielle Folie-Méricourt
4%
Une des fontaines les plus connues de Paris Fontaine Médicis
0%
Lieu historique, ancienne porte d'entrée de Paris au Moyen Âge Fort Saint-Antoine
0%
Ancien nom du quartier de la Goutte d'Or Franc-Moisin
0%
Place du 8e arrondissement située au cœur du "Triangle d'Or" François-Ier
0%
Pont qui relie l'île de la Cité à la rive gauche Frédéric-Mistral
0%
Grand hôtel particulier du 4e (Hôtel de ...) Furstemberg
0%
Aucun quiz correspondant
Distribution des résultats
% des personnes avec chaque résultat
Percentile par nombre de réponses
Votre historique - résultats
Vous n’avez pas pris ce quiz